000 00729nam a22001937a 4500
999 _c164287
_d164287
005 20190515145420.0
010 _aUR-10123
020 _c150.00
_a9789386285225
035 _aU-8678
037 _bDBAD/PUB
082 _a841
100 _aکر ا مت اللہ خا ں کر امت پہا نو ی
245 _aجز با ت کر ا مت
_cکر ا مت اللہ خا ں کر امت پہا نو ی
246 _b‏Jazbaat-e-Karamat(Urdu)
_aby Karamatullah Khan Karamat
260 _a Delhi
_bEducational Publishing House
_c2016 ء
270 _a3191،Vakil Street,Kucha Pandit,Lal Kuan,
_bDelhi
_e110006
_k23216162
_l00911123211540
300 _a120ص
_c22 Cm.(bk)
942 _2ddc
_cUR
_h841
_mخ ا ن